Ekonomický význam kúpeľníctva diplomová práca

Enregistré dans:
Détails bibliographiques
Auteur principal: Kopuníková, Simona
Collectivité auteur: Obchodná fakulta EU. Katedra služieb a cestovného ruchu - zrušené
Autres auteurs: Eliašová, Darina
Format: Livre
Langue:slovaque
Publié: Bratislava 2018
Tags: Ajouter un tag
Pas de tags, Soyez le premier à ajouter un tag!

MARC

LEADER 00000nbm a2200000 4500
001 0243433
005 20180904143100.3
041 0 |a slo 
044 |a SK 
245 1 0 |a Ekonomický význam kúpeľníctva  |b diplomová práca  |c Simona Kopuníková ; školiteľ: Darina Eliašová 
264 1 |a Bratislava  |c 2018 
300 |a 80 s. 
100 1 |a Kopuníková, Simona 
700 1 |a Eliašová, Darina 
710 2 |a Obchodná fakulta EU. Katedra služieb a cestovného ruchu - zrušené